000 00829nam a2200229 a 4500
001 17773
003 CO-ViMGA
008 141112s2004 ck r 000 u spa d
020 _a8432993069
040 _aCO-ViMGA
_bspa
_cCO-ViMGA
082 0 4 _a371.928 T455a
100 1 _aTilley, Pauline
_925208
245 1 0 _aEl arte en la educación especial
260 _aBarcelona (España),
_cCeac,
_c1991
300 _a164.p.
505 _aEl arte como experiencia creativa El papel del profesor Los trabajos de los niños El arte para los gravemente subnormales Organización Los trabajos en dos dimensiones Los trabajos en tres dimensiones
590 _aForma de adquisición : Premio - Mincultura
650 1 4 _aARTE
650 1 4 _aeducación DE NIÑOS ESPECIALES
_925209
650 1 4 _aeducación ESPECIAL
_921470
942 _2ddc
_cBK
999 _c27246
_d27246